| 000 | 00811nam a2200253 a 4500 | ||
|---|---|---|---|
| 001 | 1861 | ||
| 003 | BD-RjUL | ||
| 005 | 20211208233428.0 | ||
| 008 | 101216s19971980ii b 001 0 eng d | ||
| 035 | _a(BD-RjUL) 1888 | ||
| 040 |
_aDLC _cDLC _dDLC _d(BD-RjUL _beng |
||
| 041 | _aeng | ||
| 082 | 0 | 0 |
_a934 _bRAS 1997 _223 |
| 100 | 1 |
_aRaychoudhry, S. C. _96157 |
|
| 245 | 1 | 0 |
_aSocial, cultural, and economic history of India : _bancient times / _cS. C. Raychoudhry |
| 260 |
_aDelhi : _bSurjeet Publications, _cc1980 [Reprinted 1997] |
||
| 300 |
_aviii, 279 p. ; _c22 cm. |
||
| 500 | _aIncludes index. | ||
| 504 | _aBibliography: p. [273]-274. | ||
| 651 | 0 |
_aIndia _xHistory _yTo 324 B.C. _96158 |
|
| 651 | 0 |
_aIndia _xHistory _y324 B.C.-1000 A.D. _96159 |
|
| 651 | 0 |
_aIndia _xHistory _y1000-1526. _96160 |
|
| 942 |
_2ddc _cBK |
||
| 999 |
_c1861 _d1861 |
||